[Event "SVK-chT4 A22 1314"]
[Site "Slovakia"]
[Date "2013.12.08"]
[Round "5.5"]
[White "Kincel, Frantisek"]
[Black "Bohunicky, Ivan"]
[Result "1-0"]
[WhiteElo "1840"]
[BlackElo "1936"]
[PlyCount "117"]
[EventDate "2013.10.06"]
[EventType "team-tourn"]
[EventRounds "11"]
[EventCountry "SVK"]
[SourceTitle "EXT 2015"]
[Source "ChessBase"]
[SourceDate "2014.11.20"]
[SourceVersion "1"]
[SourceVersionDate "2014.11.20"]
[SourceQuality "1"]
[WhiteTeam "Sered MSK"]
[BlackTeam "Dolna Krupa SK"]
[WhiteTeamCountry "SVK"]
[BlackTeamCountry "SVK"]

1. Nf3 d5 2. b4 Nf6 3. Bb2 Bf5 4. e3 c6 5. Be2 Qc7 6. d3 Nbd7 7. a3 e5 8. 0-0 Bd6 9. h3 e4 10. Nd4 Bg6 11. Nd2 0-0 12. N2b3 Rad8 13. c4 dxc4 14. dxc4 Rfe8 15. Qc2 Nh5 16. Nd2 f5 17. Bxh5 Bxh5 18. Nxf5 Be5 19. Bxe5 Qxe5 20. Ng3 Bg6 21. Rad1 Nb6 22. c5 Nd5 23. Nc4 Qe6 24. Rd4 Re7 25. Rfd1 Rf8 26. Nd6 Nf6 27. a4 Qe5 28. Qc4+ Kh8 29. Rb1 h5 30. Ne2 Nd5 31. Nc3 Qf6 32. Rb2 Qe5 33. Nxd5 cxd5 34. Qxd5 Qf6 35. Rdd2 Kh7 36. b5 Qc3 37. Qd4 Qa5 38. Rb4 Qc7 39. Qc3 Rd8 40. Rbd4 Re5 41. Rd5 Re6 42. Qb4 Rf8 43. R5d4 Qe7 44. a5 Bf5 45. a6 bxa6 46. bxa6 Qh4 47. Nxf5 Rxf5 48. g3 Qe7 49. Rd5 Ree5 50. Rxe5 Rxe5 51. Rc2 Qe6 52. c6 Qxh3 53. Qd4 Re8 54. Qd7 Re6 55. c7 h4 56. Qxe6 Qxe6 57. c8Q Qd5 58. Rc1 hxg3 59. Qh3+ 1-0

[Event "SVK-chT4 A22 1314"]
[Site "Slovakia"]
[Date "2013.11.03"]
[Round "3.4"]
[White "Holicky, Miroslav"]
[Black "Bohunicky, Ivan"]
[Result "0-1"]
[WhiteElo "1783"]
[BlackElo "1936"]
[PlyCount "126"]
[EventDate "2013.10.06"]
[EventType "team-tourn"]
[EventRounds "11"]
[EventCountry "SVK"]
[SourceTitle "EXT 2015"]
[Source "ChessBase"]
[SourceDate "2014.11.20"]
[SourceVersion "1"]
[SourceVersionDate "2014.11.20"]
[SourceQuality "1"]
[WhiteTeam "Trnava Lokomotiva V"]
[BlackTeam "Dolna Krupa SK"]
[WhiteTeamCountry "SVK"]
[BlackTeamCountry "SVK"]

1. e4 d5 2. exd5 Nf6 3. Bb5+ Bd7 4. Be2 Nxd5 5. d4 c6 6. a3 Qc7 7. c4 Nf4 8. Bf3 Bf5 9. Bxf4 Qxf4 10. Nc3 g6 11. Nge2 Qc7 12. Ng3 Bc8 13. 0-0 Bg7 14. Rc1 0-0 15. d5 a6 16. Qd2 Be5 17. Qh6 Bf4 18. Qh4 Bxc1 19. Rxc1 Qe5 20. Nge4 Kg7 21. Kf1 h6 22. Re1 g5 23. Qh5 Qf4 24. g3 Qf5 25. Bg2 Nd7 26. Bh3 Qg6 27. Qe2 Nf6 28. Bxc8 Raxc8 29. Nxf6 Qxf6 30. Qxe7 Rfe8 31. Qxf6+ Kxf6 32. Rd1 Rcd8 33. h3 Kf5 34. Kg2 h5 35. f3 Ke5 36. Kf2 f5 37. Rd2 Kd6 38. b4 Kc7 39. f4 gxf4 40. gxf4 h4 41. a4 Rg8 42. Ne2 Rge8 43. Nc3 Rd7 44. b5 Rg7 45. Rd3 Reg8 46. Ne2 axb5 47. cxb5 cxb5 48. axb5 Kb6 49. d6 Rd7 50. Nc3 Rg3 51. Rxg3 hxg3+ 52. Kxg3 Rxd6 53. Kh4 Rh6+ 54. Kg5 Rxh3 55. Nd5+ Kxb5 56. Kxf5 Kc5 57. Ke4 b5 58. f5 Rh4+ 59. Ke5 Rh5 60. Ne3 b4 61. Ke6 Rh1 62. Ke5 b3 63. Nd5 Re1+ 0-1

[Event "SVK-chT4 A22 1213"]
[Site "Slovakia"]
[Date "2013.01.20"]
[Round "7.1"]
[White "Zarecky, Eduard"]
[Black "Bohunicky, Ivan"]
[Result "1/2-1/2"]
[WhiteElo "1933"]
[BlackElo "1937"]
[PlyCount "50"]
[EventDate "2012.10.14"]
[EventType "team-tourn"]
[EventRounds "11"]
[EventCountry "SVK"]
[SourceTitle "EXT 2015"]
[Source "ChessBase"]
[SourceDate "2014.11.20"]
[SourceVersion "1"]
[SourceVersionDate "2014.11.20"]
[SourceQuality "1"]
[WhiteTeam "Trnava Modranka II"]
[BlackTeam "Dolna Krupa SK"]
[WhiteTeamCountry "SVK"]
[BlackTeamCountry "SVK"]

1. d4 Nf6 2. c4 e6 3. a3 b6 4. Nc3 Bb7 5. Nf3 Be7 6. g3 0-0 7. Bg2 d5 8. cxd5 Nxd5 9. Bd2 c5 10. dxc5 Bxc5 11. 0-0 Be7 12. Qc2 Nd7 13. Rac1 Rc8 14. Qb1 Nc5 15. Ne4 Nb3 16. Rxc8 Qxc8 17. Rd1 Qc4 18. e3 f6 19. Be1 Nxe3 20. Ned2 Qe2 21. fxe3 Rd8 22. Bf1 Qxe3+ 23. Bf2 Nxd2 24. Nxd2 Qh6 25. Bg2 Bxg2 1/2-1/2